World Health Forum
Salvato in:
| Natura: | Periodico |
|---|---|
| Lingua: | inglese |
| Pubblicazione: |
Geneva
WHO
|
| Soggetti: | |
| Tags: |
Nessun Tag, puoi essere il primo ad aggiungerne!!
|
MARC
| LEADER | 00000nas1a2200000 4500 | ||
|---|---|---|---|
| 001 | s120293 | ||
| 005 | 20250723084705.7 | ||
| 022 | |a 0251-2432 | ||
| 041 | 0 | |a eng | |
| 044 | |a CH | ||
| 245 | 1 | 0 | |a World Health Forum |
| 264 | 1 | |a Geneva |b WHO | |
| 610 | 2 | 0 | |a zdravotníctvo |
| 610 | 2 | 0 | |a WHO |